000 00259nam a22001217a 4500
041 _aENG
100 _aVarma .M
245 _aTractor Prachalan Sambandhi Sura Kha Savdhanig
260 _aBohopal
_bCIAE
_c1982
300 _a56
650 _aGAE
856 _uGAE
999 _c666
_d666